00724 2200265 4500001002100000005001700021008004100038020002200079035002400101082001200125090001900137100002300156245007200179250001000251260004100261300002500302500003100327650002300358710001600381850001000397985000600407999001500413999001500428999001500443YOGYA-0209000007272420090227093641.0 ind  a978-979-16023-9-6 0010-020900000072724 a297.082 a297.082bSya A aSYAHBAN. J, Ustadz aAminahbThe Flowerof MeccacUstadz J.Syahban;penyunting Tim Beranda aCet.1 aYogyakartabBeranda Publishingc2008 axxxii,330 hlmc24 cm aBibliografi : hlm. 327-330 aWanita dalam Islam aTim Beranda aBPADB a3 a08P0000195 a08P0000196 a08P0000197